Electric machines : theory, operation, applications, adjustment, and control (Record no. 11875)

000 -LEADER
fixed length control field 01026cam a22002654a 4500
001 - CONTROL NUMBER
control field 12433098
005 - DATE AND TIME OF LATEST TRANSACTION
control field 20170105102350.0
008 - FIXED-LENGTH DATA ELEMENTS--GENERAL INFORMATION
fixed length control field 010606s2002 njua b 001 0 eng
010 ## - LIBRARY OF CONGRESS CONTROL NUMBER
LC control number 2001036240
020 ## - INTERNATIONAL STANDARD BOOK NUMBER
International Standard Book Number 0130612103
040 ## - CATALOGING SOURCE
Original cataloging agency DLC
Transcribing agency DLC
Modifying agency DLC
042 ## - AUTHENTICATION CODE
Authentication code pcc
050 00 - LIBRARY OF CONGRESS CALL NUMBER
Classification number TK2182
Item number .H83 2002
082 00 - DEWEY DECIMAL CLASSIFICATION NUMBER
Classification number 621.31042
Edition number 21
100 1# - MAIN ENTRY--PERSONAL NAME
Personal name Hubert, Charles I.
245 10 - TITLE STATEMENT
Title Electric machines : theory, operation, applications, adjustment, and control
Remainder of title theory, operation, applications, adjustment, and control
Statement of responsibility, etc. Charles I. Hubert.
250 ## - EDITION STATEMENT
Edition statement 2nd ed.
260 ## - PUBLICATION, DISTRIBUTION, ETC.
Place of publication, distribution, etc. Upper Saddle River, NJ :
Name of publisher, distributor, etc. Prentice Hall,
Date of publication, distribution, etc. c2002.
300 ## - PHYSICAL DESCRIPTION
Extent xix, 604 p. :
Other physical details ill. ;
Dimensions 25 cm.
504 ## - BIBLIOGRAPHY, ETC. NOTE
Bibliography, etc. note Includes bibliographical references and index.
650 #0 - SUBJECT ADDED ENTRY--TOPICAL TERM
Topical term or geographic name entry element Electric machinery.
906 ## - LOCAL DATA ELEMENT F, LDF (RLIN)
a 7
b cbc
c orignew
d 1
e ocip
f 20
g y-gencatlg
942 ## - ADDED ENTRY ELEMENTS (KOHA)
Source of classification or shelving scheme
Koha item type Book
Holdings
Withdrawn status Lost status Damaged status Not for loan Collection code Permanent Location Current Location Shelving location Date acquired Source of acquisition Cost, normal purchase price Total Checkouts Total Renewals Full call number Barcode Checked out Date last seen Date last checked out Price effective from Koha item type
          Central Library (CL) Central Library (CL) General Stacks 06/01/2013 Progressive International Agencies 15500.32 6 3 621.31042 HUB SEECS012384 07/20/2021 03/22/2021 03/22/2021 06/06/2013 Book
© 2023 Central Library, National University of Sciences and Technology. All Rights Reserved.